• 首页
  • 本馆介绍
  • 公告通知
  • 最新文献
  • 馆藏检索
  • 电子资源
  • 读者导购
  • 参考咨询
  • 我的图书馆
  • 登录
  • 详细信息显示
  • 放入我的书架
  • 预约/预借图书
  • 作者相关作品
  • 分类相关作品
  • 丛书相关作品
  • 出版社相关作品

书目信息

  • 表格格式
  • 工作单格式
  • 卡片格式
题名:
生物分离原理及技术
    
 
作者: 欧阳平凯 , 胡永红 , 姚忠 编
分册:  
出版信息: 北京   化学工业出版社  2010.3
页数: 269页
开本: 26cm
丛书名:
单 册:
中图分类: Q503
科图分类:
主题词: 生物分解--高等教育--教材
电子资源:
ISBN: 978-7-122-07653-3
000 00992nam0 2200265 450
001 0400004421
005 20241101172047.53
010    @a978-7-122-07653-3@dCNY32.00
100    @a20100531e20172010em y0chiy50 ea
101 0  @achi
102    @aCN@b110000
105    @ay z 000yy
200 1  @a生物分离原理及技术@9sheng wu fen li yuan li ji ji shu@f欧阳平凯,胡永红,姚忠[编]
205    @a第2版
210    @a北京@c化学工业出版社@d2010.3@h2017.2
215    @a269页@d26cm
300    @a普通高等教育“十一五”国家级规划教材
330    @a本书除了对各种分离过程(过滤、离心与沉降、细胞破碎、萃取、吸附与离子交换、色谱分离、沉析、膜分离、结晶、干燥及辅助操作)基本原理和方法进行全面介绍外,还注重基本概念的阐述、数学工具的应用及放大过程分析。
606 0  @a生物分解@x高等教育@j教材
690    @aQ503@v4
701  0 @a欧阳平凯@9ou yang ping kai@4编
701  0 @a胡永红@9hu yong hong@4编
701  0 @a姚忠@9yao zhong@4编
801  0 @aCN@b91MARC@c20171023
905    @b1034701-5@dQ503@f5@e238=2
    
    生物分离原理及技术/欧阳平凯,胡永红,姚忠[编].-第2版.-北京:化学工业出版社,2010.3(2017.2)
    269页;26cm
    普通高等教育“十一五”国家级规划教材
    
    ISBN 978-7-122-07653-3:CNY32.00
    本书除了对各种分离过程(过滤、离心与沉降、细胞破碎、萃取、吸附与离子交换、色谱分离、沉析、膜分离、结晶、干燥及辅助操作)基本原理和方法进行全面介绍外,还注重基本概念的阐述、数学工具的应用及放大过程分析。
●
相关链接 在E读中查询图书 在五车中查询图书 在当当中查询图书 在豆瓣中查询图书


正题名:生物分离原理及技术     索取号:Q503/238=2         预约/预借

序号 登录号 条形码 馆藏地/架位号 状态 备注
1 1034701   210347016   第二样本阅览室/ [索取号:Q503/238=2] 在馆    
2 1034702   210347025   密集书库-生命科学系/ [索取号:Q503/238=2] 在馆    
3 1034703   210347034   第三借阅区/ [索取号:Q503/238=2] 在馆    
4 1034704   210347043   第三借阅区/ [索取号:Q503/238=2] 在馆    
5 1034705   210347052   第三借阅区/ [索取号:Q503/238=2] 在馆    
6 1424766   214247661   密集书库-生命科学系/ [索取号:Q503/238=2] 在馆    
唐山师范学院图书馆 欢迎您!
大连网信软件有限公司© 版权所有